000 00787cam a2200229 4500
001 L136974
008 070307s2007 xxk f 000 0 eng d
035 _a(Sirsi) u136974
041 0 _aeng
100 1 _aPhillips, Antony
245 0 2 _aA centre of revolution
260 _c2007
490 0 _aEstates Gazette
_v(0709) 3 March 2007, 194-196(3)
520 _aConsiders human rights arguments used in property and planning cases, looking at relevant examples and arguing that their influence is inescapable.
590 _aKA
650 2 4 _aHUMAN RIGHTS ACT 1998
650 2 4 _aLAND REGISTRATION ACT 2002
651 4 _aEngland and Wales
_y1543-
690 _aPROPERTY-PROPERTY ACQUISITION AND DISPOSAL-REGISTRATION OF TITLE TO PROPERTY
700 1 _aJackson, David
942 _n0
999 _c106568
_d106568